Central Library OPAC University of Rajshahi

Sociological research / (Record no. 33134)

MARC details
000 -LEADER
fixed length control field 00846cam a2200253 4500
001 - CONTROL NUMBER
control field 33134
003 - CONTROL NUMBER IDENTIFIER
rucl marc code BD-RjUL
005 - DATE AND TIME OF LATEST TRANSACTION
control field 20211209051943.0
008 - FIXED-LENGTH DATA ELEMENTS--GENERAL INFORMATION
fixed length control field 140430s1963 nyuab b 001 0 eng
035 ## - SYSTEM CONTROL NUMBER
System control number (BD-RjUL)33225
040 ## - CATALOGING SOURCE
Original cataloging agency DLC
Transcribing agency DLC
Modifying agency DLC
-- BD-RjUL
Language of cataloging eng
041 ## - LANGUAGE CODE
Language code of text/sound track or separate title eng
082 00 - DEWEY DECIMAL CLASSIFICATION NUMBER
Classification number 301.07
Author mark and year RIS V-1 1963
100 1# - MAIN ENTRY--PERSONAL NAME
Personal name Riley, Matilda White,
Dates associated with a name 1911-
9 (RLIN) 100647
245 00 - TITLE STATEMENT
Title Sociological research /
Statement of responsibility, etc. Under the general editorship of Robert K. Merton.
Number of part/section of a work Volume I :
Name of part/section of a work A Case Approach.
260 ## - PUBLICATION, DISTRIBUTION, ETC. (IMPRINT)
Place of publication, distribution, etc. New York :
Name of publisher, distributor, etc. Harcourt, Brace & World,
Date of publication, distribution, etc. c1963.
300 ## - PHYSICAL DESCRIPTION
Pagination xx, 777 p. :
Illustrations maps, diagrs. ;
Size 24-28 cm.
504 ## - BIBLIOGRAPHY, ETC. NOTE
Bibliography, etc Bibliography (p. 743-753) and index.
505 0# - FORMATTED CONTENTS NOTE
Formatted contents note 1. A case approach.--2. Exercises and manual.
650 #0 - SUBJECT ADDED ENTRY--TOPICAL TERM
Topical term or geographic name as entry element Sociology
General subdivision Study and teaching.
9 (RLIN) 100648
942 ## - ADDED ENTRY ELEMENTS (KOHA)
Source of classification or shelving scheme Dewey Decimal Classification
Koha item type Books
Holdings
Lost status Source of classification or shelving scheme Damaged status Not for loan Collection code Permanent Location Current Location Shelving location Date acquired Source of acquisition Cost, normal purchase price Total Checkouts Full call number Date last seen Copy number Koha item type
  Dewey Decimal Classification   Not For Loan Non-fiction Central Library, University of Rajshahi Central Library, University of Rajshahi Reading Room 20/12/1997 Alighar Lib. 19.95   301.07 RIS V-1 1963 30/04/2014 C-1 Books